The Greek Letter Used For... - Statistics

General Stats
  • This quiz has been taken 17 times
  • The average score is 8 of 15
Answer Stats
The Greek letter used for... Answer % Correct
3.14159263558979323846264338327950 Pi
100%
the strongest wolf in a pack Alpha
94%
representing a change in something Delta
88%
a mathematical summation Sigma
88%
a range of wavelengths on the photoelectric spectrum shorter than X-rays Gamma
63%
a type of radioactive decay involving the emission of an electron Beta
56%
the unknown interior angle of a circle Theta
50%
wavelength of electromagnetic radiation Lambda
44%
the golden ratio, 1.618 Phi
44%
angular velocity of an object Omega
38%
the Riemann "this" function, used in advanced calculus Zeta
38%
the mean of a data set Mu
31%
torque of an object Tau
31%
a type of statistical analysis often used in biology Chi
19%
water potential Psi
19%
No matching quizzes found
Score Distribution
Percent of People with Each Score
Percentile by Number Answered
Your Score History
You have not taken this quiz